| 000 | 00696cam a22002413a 4500 | ||
|---|---|---|---|
| 001 | 17968 | ||
| 003 | PGUSA | ||
| 005 | 20140828083401.0 | ||
| 008 | 060312s2006||||xxu|||||s|||||000 | eng d | ||
| 040 |
_aPGUSA _beng |
||
| 042 | _adc | ||
| 050 | 4 | _aDT | |
| 100 | 1 |
_aGuyot, Yves, _d1843-1928 |
|
| 245 | 1 | 0 |
_aBoer Politics _h[electronic resource] / _cYves Guyot |
| 260 |
_bProject Gutenberg, _c2006 |
||
| 506 | _aPublic domain in the USA. | ||
| 516 | _aElectronic text | ||
| 653 | _aTransvaal (South Africa) -- Politics and government | ||
| 653 | _aTransvaal (South Africa) -- History | ||
| 830 | 0 |
_aProject Gutenberg _v17968 |
|
| 856 | 4 | 0 | _uhttp://www.gutenberg.org/ebooks/17968 |
| 942 | _cEB | ||
| 999 |
_c247223 _d247223 |
||